| 000 | 01141cam a2200241 4500 | ||
|---|---|---|---|
| 001 | WS117994 | ||
| 008 | 020516n 000 0 eng u | ||
| 035 | _a(Sirsi) u117994 | ||
| 110 |
_aAustralian Building Codes Board _94238 |
||
| 245 | _aAustralian Building Codes Board | ||
| 520 | _aWeb site for the Australian government initiative which aims to 'provide efficiency and cost effectiveness in meeting community expectations for health, safety and amenity in the design, construction and use of buildings through the creation of nationally consistent building codes, standards, regulatory requirements and regulatory systems'. The ABCB produce and maintain the Building Code of Australia. | ||
| 650 | _aAUSTRALIA | ||
| 650 | _aINTERNATIONAL | ||
| 650 | _aGOVERNMENT | ||
| 650 | _aBUILDING CODE OF AUSTRALIA | ||
| 650 | _aBUILDING STANDARDS | ||
| 650 |
_aBUILDING CONTROL _96222 |
||
| 650 | _aENERGY EFFICIENCY | ||
| 650 | _aAUSTRALIAN BUILDING PRODUCTS AND SYSTEMS CERTIFICATION SCHEME | ||
| 690 | _aBUILT ENVIRONMENT | ||
| 856 | 4 | 0 |
_uhttps://www.abcb.gov.au _zView the website free of charge at www.abcb.gov.au... |
| 942 | _n0 | ||
| 999 |
_c120034 _d120034 |
||